Estudio de alternativas para mejorar el sistema de recuperación de polvo en una planta de fertilizante complejo.

Պահպանված է:
Մատենագիտական մանրամասներ
Հիմնական հեղինակ: Campos Ramirez, Roger
Ձևաչափ: Գիրք
Հրապարակվել է: San José, Costa Rica 1988
Խորագրեր:
Ցուցիչներ: Ավելացրեք ցուցիչ
Չկան պիտակներ, Եղեք առաջինը, ով նշում է այս գրառումը!

MARC

LEADER 00000nam a2200000Ia 4500
003 004666
005 20221231144342.0
008 140114s1988 cr a m 000 ||s d
040 |c cru CEDI 
090 |a TFG 2156 
100 |a Campos Ramirez, Roger  |9 13504 
245 |a Estudio de alternativas para mejorar el sistema de recuperación de polvo en una planta de fertilizante complejo. 
260 |c 1988  |a San José, Costa Rica 
300 |a  106 hojas : ilustraciones ; 27 cm  
500 |a  Proyecto de graduación (licenciatura en ingeniería química)--Universidad de Costa Rica. Facultad de Ingeniería. Escuela de Ingeniería Química 
650 |x ABONOS Y FERTILIZANTES   |x  INDUSTRIA Y COMERCIO  |9 13505 
942 |c TFG 
999 |c 20592  |d 20592